La dialettica dei sessi : autoritarismo maschile e societa tardo-capitalistica /

Saved in:
Bibliografiske detaljer
Hovedforfatter: Firestone, Shulamith (Author)
Andre forfattere: Personemi, Lucia (Editor)
Format: Bog
Sprog:italiensk
Udgivet: Firenze : Guaraldi, 1971
Serier:Ipotesi. Sezione Presente imperfetto
Ipotesi ; 10
Fag:
Tags: Tilføj Tag
Ingen Tags, Vær først til at tagge denne postø!

MARC

LEADER 00000nam a2200000 i 4500
001 IT\ICCU\IEI\0012515
003 ItRI
005 20260115232346.0
008 890726s1971 it |||||| ||||| |||||c
015 |2 IT  |a 715936 
040 |b ita  |c importazione bologna sebina 
041 7 |a ita  |2 ISO-639-2 
082 |a 305.42  |9 DONNE. Ruolo sociale e condizione  |2 19 
082 |a 305.42  |9 DONNE. Ruolo sociale e condizione  |2 20 
100 1 |a Firestone, Shulamith  |0 IT\ICCU\IEIV\007004  |4 aut 
240 1 4 |a The dialectic of sex  |3 IT\ICCU\IEI\0012518  |9 Firestone, Shulamith 
245 1 3 |a La dialettica dei sessi :  |b autoritarismo maschile e societa tardo-capitalistica /  |c Shulamith Firestone ; a cura di Lucia Personemi. 
260 |a Firenze :  |b Guaraldi,  |c 1971 
300 |a 247 p. ;  |c 19 cm 
650 7 |a Donna  |x Sec. 20.  |2 scbi 
700 1 |a Personemi, Lucia  |0 IT\ICCU\IEIV\007005  |4 edt 
830 0 |a Ipotesi. Sezione Presente imperfetto  |0 IT\ICCU\IEI\0012516 
830 0 |a Ipotesi ;  |v 10  |0 IT\ICCU\RAV\0102561 
942 |2 ddc  |c BK  |n 0 
952 |0 0  |1 0  |4 0  |6 DOC_305_420000000000000_FIR  |7 0  |9 24767  |a BO  |b BO  |d 2026-01-15  |i 835  |l 0  |o DOC 305.420 FIR  |p BO835  |r 2026-01-15 23:23:46  |w 2026-01-15  |x [Sebina 5] [1 v. (2. copia)]  |y BK  |z 1 v. (2. copia) 
952 |0 0  |1 0  |4 0  |6 DOC_305_420000000000000_FIR  |7 0  |9 24768  |a BO  |b BO  |d 2026-01-15  |i 8514  |l 0  |o DOC 305.420 FIR  |p BO8514  |r 2026-01-15 23:23:46  |w 2026-01-15  |x [Sebina 7] [1 v.]  |y BK  |z 1 v. 
999 |c 21054  |d 21054